000 00351nam a2200109Ia 4500
008 171211s9999 xx 000 0 und d
245 _aLa Croche: Lutte traditionnelle réunionnaise
245 _cFrédéric Rubio, Jérôme Sanchez, and Patrick Blan
260 _c2006
650 _xMartial Arts
856 _uhttp://down.ebook777.com/055/2915923094.pdf
999 _c348226
_d348226